000 00954nam a22002417a 4500
005 20180531144243.0
010 _aB-694020
020 _a9781259004605
_c625.00
035 _aB-694020
037 _bR.K.Books
082 _a621.382
100 1 _aSingh, R.P.
245 1 0 _aCommunication systems :
_cby R.P. Singh [and] S.D. Sapre
_banalog and digital /
250 _a3rd ed reprint
260 _aChennai
_bMcGraw-Hill Education
_c2018
270 _a444/1,Sri Ekambara Naicker Industrial Estate, Porrur
_bChennai
_e600116
300 _axix,750p. :
_bill.
_c24cm(pbk)
500 _aIncludes bibliographical references and index
700 _aSapre, S.D.
_953755
942 _2ddc
_cEN
_h621.382
_mSIN
999 _c152466
_d152466